LIBRARY & INFORMATION CENTRE, KCAET, TAVANUR

ONLINE PUBLIC ACCESS CATALOGUE (OPAC)

Joseph Andrews / (Record no. 11789)

MARC details
000 -LEADER
fixed length control field 00389cam a2200157ua 4500
041 ## - LANGUAGE CODE
Language code of text/sound track or separate title eng
082 ## - DEWEY DECIMAL CLASSIFICATION NUMBER
Classification number 823.308
Item number FIE/JO
100 ## - MAIN ENTRY--AUTHOR NAME
Personal name Fielding , Hery .
245 ## - TITLE STATEMENT
Title Joseph Andrews /
260 ## - PUBLICATION, DISTRIBUTION, ETC. (IMPRINT)
Place of publication London :
Name of publisher J M Dent and Sons Ltd ,
Year of publication 1962.
300 ## - PHYSICAL DESCRIPTION
Number of Pages 296 ; .

No items available.

free website counter